01017cam a22003377a 4500001001000000003000500010005001700015008004100032010001000073011001000083020001800093020001500111035001100126040000900137082001600146100002100162245013000183260006400313300001100377490004300388650001900431650002400450650002700474650002400501650002400525650001900549650002900568700001900597700002000616830004300636000092364CHAP20220329142846.0040921d2002 us r 00110 eng d a88831 a89803 a0-691-07487-9 a0691074860 a100354 cCHAP04a631.46bW2600aWardle, David A.10aCommunities and ecosystems :blinking the aboveground and belowground components /c/ed. by Simon A. levin and Henry S. Horn. aPrinceton, New Jersey :bPrinceton University Press,c2002. a391 p. 0aMonographs in population biologyv; 3414aBiodiversidad.14aCadena alimentaria.14aComunidades vegetales.14aEcología vegetal.14aSuelosxEcología.14aSuelosxFauna.14aSuelosxMicrobiología.00aHorn, Henry S.00aLevin, Simon A.0 aMonographs in population biologyv; 34